Представление документа в формате RUSMARC

Поле Инд. ПП Название Значение
Тип записи a
Библиографический уровень a
001 Контрольный номер c093864203c84afdaba6613a9046dff4
005 Дата корректировки 20181120134551.5
100 a Данные общей обработки 20180910 ||| 0rusy0189 ca
101 0_ a Язык текста rus
102 a Страна публикации RU
200 1_ f Первые сведения об ответственности А.И. Числов, А.В. Передернин
a Заглавие Налоговое администрирование
b Общее обозначение материала Текст
210 d Дата издания 2018
461 _0 1 2000
a Закон и право
463 _0 1 2000
a №9
v С. 20-22
1 2101
d 2018
1 00148081bf1703f4431888fdb211a74b0ba
606 a Основная рубрика Финансовое право
610 0_ a Ключевые слова НАЛОГОВОЕ ПРАВО
a Ключевые слова НАЛОГОВОЕ АДМИНИСТРИРОВАНИЕ
700 _1 a Фамилия Числов
b Имя А.И.
701 _1 a Фамилия Передернин
b Имя А.В.
801 _0 a Страна RU
b Организация РГУП
c Дата составления 20180910
g Правила каталогизации PSBO
801 _1 a Страна RU
b Организация РГУП
c Дата составления 20180910
g Правила каталогизации PSBO
901 t Тип документа b
w Контрольный № источника 48081bf1703f4431888fdb211a74b0ba
905 a Дата ввода 20180910